Double-channel resistance-to-voltage converter for cable teraohmmeters; Вестник Карагандинского университета. Серия Физика; № 1 (97)
| Parent link: | Вестник Карагандинского университета. Серия Физика № 1 (97).— 2020.— [С. 105-114] |
|---|---|
| Prif Awdur: | |
| Awduron Corfforaethol: | , |
| Awduron Eraill: | , |
| Crynodeb: | The paper considers a teraohmmeter resistance converter to monitor cable insulation with an additional input amplifier that emits a low-frequency interference signal. Adaptive algorithms for a double-channel converter circuit to compensate for low-frequency interference are proposed. There are considered algorithms using minimax criteria and linear approximation method for estimation of interference influence. It is shown classification of algorithms according to industrial frequency interference filtering method and signal observation interval. There were investigated two ways of interference application: step signal from a DC voltage source up to 300 V and fading harmonic signal from an AC voltage source and amplifier up to 300 V. A doublechannel circuit of the resistance-to-voltage converter is found to provide a 2-fold increase in the signal-tonoise ratio in comparison with a single-channel circuit. It is shown that the maximum deviation of readings for the single-channel circuit exceeds 20 % (up to 32 %) in short-term exposure to interference with amplitude of up to 300 V. At the same time, the maximum deviation for the double-channel circuit can attain 17 %, but it does not exceed 20 %. According to GOST 3345–76, the insulation resistance measuring error in the range of 10 G? to 100 T? should not exceed 20 %.The advantage of the proposed double-channel converter is the possibility to develop new algorithms to eliminate the dependence of readings on interference effects. В статье рассмотрена схема преобразователя сопротивления тераомметра для контроля изоляции кабеля с дополнительным входным усилителем, который выделяет низкочастотный сигнал помехи. Предложены адаптивные алгоритмы для двухканальной схемы преобразователя, позволяющие произвести компенсацию низкочастотных помех. При этом рассмотрены алгоритмы, использующие при оценке влияния помех минимаксный критерий, а также метод линейной аппроксимации. Дана классификация алгоритмов по методу фильтрации помех промышленной частоты и по интервалу обработки сигналов. Исследованы два вида воздействия помех: ступенчатое воздействие от источника постоянного напряжения амплитудой до 300 В и затухающее гармоническое воздействие от генератора переменного напряжения с усилителем до 300 В. Определено, что при использовании двухканальной схемы преобразователя сопротивления в напряжение отношение сигнал–шум увеличивается в 2 раза по сравнению с одноканальной схемой. Установлено, что в то время, как максимальное отклонение показаний для одноканальной схемы превышает 20 % (до 32 %), для двухканальной схемы может достигать 17 %, но не превышает порога 20 %. В соответствии с ГОСТ-ом 3345–76 погрешность измерения сопротивления изоляции в диапазоне от 10 ГОм до 100 ТОм не должна превышать 20 %. Достоинством предложенного двухканального преобразователя является то, что можно продолжить разработку новых алгоритмов, которые позволят уменьшить зависимость показаний от влияния помех. |
| Iaith: | Saesneg |
| Cyhoeddwyd: |
2020
|
| Pynciau: | |
| Mynediad Ar-lein: | https://rep.ksu.kz/handle/data/9641 https://doi.org/10.31489/2020Ph1/105-114 |
| Fformat: | MixedMaterials Electronig Pennod Llyfr |
| KOHA link: | https://koha.lib.tpu.ru/cgi-bin/koha/opac-detail.pl?biblionumber=663219 |
MARC
| LEADER | 00000naa0a2200000 4500 | ||
|---|---|---|---|
| 001 | 663219 | ||
| 005 | 20250425135739.0 | ||
| 035 | |a (RuTPU)RU\TPU\network\34388 | ||
| 090 | |a 663219 | ||
| 100 | |a 20210201d2020 k||y0rusy50 ba | ||
| 101 | 0 | |a eng | |
| 102 | |a KZ | ||
| 135 | |a drcn ---uucaa | ||
| 181 | 0 | |a i | |
| 182 | 0 | |a b | |
| 200 | 1 | |a Double-channel resistance-to-voltage converter for cable teraohmmeters |d Двухканальный преобразователь сопротивления в напряжение для кабельных тераомметров |f N. I. Ermoshin, E. V. Yakimov, A. E. Goldstein (Goldshtein) | |
| 203 | |a Text |c electronic | ||
| 320 | |a [Библиогр.: 22 назв.] | ||
| 330 | |a The paper considers a teraohmmeter resistance converter to monitor cable insulation with an additional input amplifier that emits a low-frequency interference signal. Adaptive algorithms for a double-channel converter circuit to compensate for low-frequency interference are proposed. There are considered algorithms using minimax criteria and linear approximation method for estimation of interference influence. It is shown classification of algorithms according to industrial frequency interference filtering method and signal observation interval. There were investigated two ways of interference application: step signal from a DC voltage source up to 300 V and fading harmonic signal from an AC voltage source and amplifier up to 300 V. A doublechannel circuit of the resistance-to-voltage converter is found to provide a 2-fold increase in the signal-tonoise ratio in comparison with a single-channel circuit. It is shown that the maximum deviation of readings for the single-channel circuit exceeds 20 % (up to 32 %) in short-term exposure to interference with amplitude of up to 300 V. At the same time, the maximum deviation for the double-channel circuit can attain 17 %, but it does not exceed 20 %. According to GOST 3345–76, the insulation resistance measuring error in the range of 10 G? to 100 T? should not exceed 20 %.The advantage of the proposed double-channel converter is the possibility to develop new algorithms to eliminate the dependence of readings on interference effects. | ||
| 330 | |a В статье рассмотрена схема преобразователя сопротивления тераомметра для контроля изоляции кабеля с дополнительным входным усилителем, который выделяет низкочастотный сигнал помехи. Предложены адаптивные алгоритмы для двухканальной схемы преобразователя, позволяющие произвести компенсацию низкочастотных помех. При этом рассмотрены алгоритмы, использующие при оценке влияния помех минимаксный критерий, а также метод линейной аппроксимации. Дана классификация алгоритмов по методу фильтрации помех промышленной частоты и по интервалу обработки сигналов. Исследованы два вида воздействия помех: ступенчатое воздействие от источника постоянного напряжения амплитудой до 300 В и затухающее гармоническое воздействие от генератора переменного напряжения с усилителем до 300 В. Определено, что при использовании двухканальной схемы преобразователя сопротивления в напряжение отношение сигнал–шум увеличивается в 2 раза по сравнению с одноканальной схемой. Установлено, что в то время, как максимальное отклонение показаний для одноканальной схемы превышает 20 % (до 32 %), для двухканальной схемы может достигать 17 %, но не превышает порога 20 %. В соответствии с ГОСТ-ом 3345–76 погрешность измерения сопротивления изоляции в диапазоне от 10 ГОм до 100 ТОм не должна превышать 20 %. Достоинством предложенного двухканального преобразователя является то, что можно продолжить разработку новых алгоритмов, которые позволят уменьшить зависимость показаний от влияния помех. | ||
| 461 | |t Вестник Карагандинского университета. Серия Физика | ||
| 463 | |t № 1 (97) |v [С. 105-114] |d 2020 | ||
| 510 | 1 | |a Двухканальный преобразователь сопротивления в напряжение для кабельных тераомметров |z rus | |
| 610 | 1 | |a труды учёных ТПУ | |
| 610 | 1 | |a электронный ресурс | |
| 610 | 1 | |a сопротивление материалов | |
| 610 | 1 | |a изоляция | |
| 610 | 1 | |a кабели | |
| 610 | 1 | |a помехи | |
| 610 | 1 | |a преобразователи | |
| 610 | 1 | |a тераомметры | |
| 700 | 1 | |a Ermoshin |b N. I. |c Specialist in the field of instrument engineering |c Engineer of Tomsk Polytechnic University |f 1992- |g Nikolay Ivanovich |3 (RuTPU)RU\TPU\pers\45060 |9 21886 | |
| 701 | 1 | |a Yakimov |b E. V. |c specialist in the field of control and measurement equipment |c Associate Professor of Tomsk Polytechnic University, Candidate of technical sciences |f 1975- |g Evgeny Valeryevich |3 (RuTPU)RU\TPU\pers\31173 |9 15369 | |
| 701 | 1 | |a Goldstein (Goldshtein) |b A. E. |c Specialist in the field of non-destructive testing |c Professor of Tomsk Polytechnic University, Doctor of technical sciences |f 1954- |g Aleksandr Efremovich |3 (RuTPU)RU\TPU\pers\32322 |9 16296 | |
| 712 | 0 | 2 | |a Национальный исследовательский Томский политехнический университет |b Институт неразрушающего контроля |b Международная научно-образовательная лаборатория неразрушающего контроля |3 (RuTPU)RU\TPU\col\19961 |
| 712 | 0 | 2 | |a Национальный исследовательский Томский политехнический университет |b Инженерная школа неразрушающего контроля и безопасности |b Отделение контроля и диагностики |3 (RuTPU)RU\TPU\col\23584 |
| 801 | 1 | |a RU |b 63413507 |c 20130530 | |
| 801 | 2 | |a RU |b 63413507 |c 20210201 |g RCR | |
| 850 | |a 63413507 | ||
| 856 | 4 | |u https://rep.ksu.kz/handle/data/9641 | |
| 856 | 4 | |u https://doi.org/10.31489/2020Ph1/105-114 | |
| 942 | |c CF | ||